<?xml version="1.0" encoding="UTF-8"?>
<collection xmlns="http://www.loc.gov/MARC21/slim">
 <record>
  <leader>10762nai a22013337i 4500</leader>
  <controlfield tag="001">000696771</controlfield>
  <controlfield tag="003">CZ-PrVSE</controlfield>
  <controlfield tag="005">20250611103156.0</controlfield>
  <controlfield tag="007">ta</controlfield>
  <controlfield tag="008">080228c20079999xr ar-p       0   a0cze d</controlfield>
  <datafield tag="015" ind1=" " ind2=" ">
   <subfield code="a">cnb001793750</subfield>
  </datafield>
  <datafield tag="035" ind1=" " ind2=" ">
   <subfield code="a">(OCoLC)228670436</subfield>
  </datafield>
  <datafield tag="040" ind1=" " ind2=" ">
   <subfield code="a">ABA001</subfield>
   <subfield code="b">cze</subfield>
   <subfield code="c">ABA006</subfield>
   <subfield code="d">OLA001</subfield>
   <subfield code="d">ABA006</subfield>
   <subfield code="e">rda</subfield>
  </datafield>
  <datafield tag="072" ind1=" " ind2="7">
   <subfield code="a">349</subfield>
   <subfield code="x">Pracovní, sociální, stavební právo. Právo životního prostředí</subfield>
   <subfield code="2">Konspekt</subfield>
   <subfield code="9">16</subfield>
  </datafield>
  <datafield tag="072" ind1=" " ind2="9">
   <subfield code="a">344</subfield>
   <subfield code="x">Labor, social service law</subfield>
   <subfield code="2">Conspectus</subfield>
   <subfield code="9">16</subfield>
  </datafield>
  <datafield tag="080" ind1=" " ind2=" ">
   <subfield code="a">349.2</subfield>
   <subfield code="2">MRF_2014</subfield>
  </datafield>
  <datafield tag="080" ind1=" " ind2=" ">
   <subfield code="a">331.106</subfield>
   <subfield code="2">MRF_2014</subfield>
  </datafield>
  <datafield tag="080" ind1=" " ind2=" ">
   <subfield code="a">(437.3)</subfield>
   <subfield code="2">MRF_2003</subfield>
  </datafield>
  <datafield tag="080" ind1=" " ind2=" ">
   <subfield code="a">(094.5)</subfield>
   <subfield code="2">MRF_2003</subfield>
  </datafield>
  <datafield tag="080" ind1=" " ind2=" ">
   <subfield code="a">(0.072)</subfield>
   <subfield code="2">MRF_2003</subfield>
  </datafield>
  <datafield tag="099" ind1=" " ind2="9">
   <subfield code="a">349.2HLO</subfield>
  </datafield>
  <datafield tag="100" ind1="1" ind2=" ">
   <subfield code="a">Hloušková, Pavla</subfield>
   <subfield code="7">xx0036076</subfield>
   <subfield code="4">cwt</subfield>
  </datafield>
  <datafield tag="245" ind1="1" ind2="0">
   <subfield code="a">Zákoník práce :</subfield>
   <subfield code="b">prováděcí nařízení vlády a další související předpisy : s komentářem k ... /</subfield>
   <subfield code="c">Pavla Hloušková, Michael Košnar, Dana Roučková, Zdeněk Schmied, Petr Schweiner, Ludmila Tomandlová, Jan Vácha</subfield>
  </datafield>
  <datafield tag="246" ind1="3" ind2=" ">
   <subfield code="a">Zákoník práce s komentářem</subfield>
  </datafield>
  <datafield tag="246" ind1="3" ind2=" ">
   <subfield code="a">Zákoník práce, prováděcí nařízení vlády a další související předpisy</subfield>
  </datafield>
  <datafield tag="264" ind1=" " ind2="1">
   <subfield code="a">Olomouc :</subfield>
   <subfield code="b">ANAG,</subfield>
   <subfield code="c">[2007]-</subfield>
  </datafield>
  <datafield tag="300" ind1=" " ind2=" ">
   <subfield code="a">   svazků</subfield>
  </datafield>
  <datafield tag="310" ind1=" " ind2=" ">
   <subfield code="a">1x ročně</subfield>
  </datafield>
  <datafield tag="336" ind1=" " ind2=" ">
   <subfield code="a">text</subfield>
   <subfield code="b">txt</subfield>
   <subfield code="2">rdacontent</subfield>
  </datafield>
  <datafield tag="337" ind1=" " ind2=" ">
   <subfield code="a">bez média</subfield>
   <subfield code="b">n</subfield>
   <subfield code="2">rdamedia</subfield>
  </datafield>
  <datafield tag="338" ind1=" " ind2=" ">
   <subfield code="a">svazek</subfield>
   <subfield code="b">nc</subfield>
   <subfield code="2">rdacarrier</subfield>
  </datafield>
  <datafield tag="490" ind1="1" ind2=" ">
   <subfield code="a">Práce, mzdy, pojištění</subfield>
  </datafield>
  <datafield tag="500" ind1=" " ind2=" ">
   <subfield code="a">Součástí podnázvu je datum</subfield>
  </datafield>
  <datafield tag="500" ind1=" " ind2=" ">
   <subfield code="a">Do 6. aktualizovaného vydání (2012) spoluautorem též: Jaroslav Jakubka, do 10. aktualizovaného vydání (2016) též: Mária Andraščíková a Ladislav Trylč, do 12. aktualizovaného vydání (2019) též: Pavel Knebl, do 14. aktualizovaného vydání (2021) též: Eva Hofmannová též: Petr Bukovjan, Jaroslav Stádník, do 17. aktualizovaného vydání 2023: též Ludmila Tomandlová a Zdeněk Schmied, do 18. aktualizovaného vydání 2025: též Kateřina Demová</subfield>
  </datafield>
  <datafield tag="500" ind1=" " ind2=" ">
   <subfield code="a">11. aktualizované vydání (2018) vyšlo v dvouletém odstupu</subfield>
  </datafield>
  <datafield tag="500" ind1=" " ind2=" ">
   <subfield code="a">Jednotlivé svazky mají ISBN</subfield>
  </datafield>
  <datafield tag="505" ind1="2" ind2="0">
   <subfield code="t">Zákon č. 174/1968 Sb., o státním odborném dozoru nad bezpečností práce --</subfield>
   <subfield code="t">Zákon č. 309/2006 Sb., kterým se upravují další požadavky bezpečnosti a ochrany zdraví při práci v pracovněprávních vztazích a o zajištění bezpečnosti a ochrany zdraví při činnosti nebo poskytování služeb mimo pracovněprávní vztahy (zákon o zajištění dalších podmínek bezpečnosti a ochrany zdraví při práci) --</subfield>
   <subfield code="t">Zákon č. 120/1990 Sb., kterým se upravují některé vztahy mezi odborovými organizacemi a zaměstnavateli --</subfield>
   <subfield code="t">Zákon č. 2/1991 Sb., o kolektivním vyjednávání --</subfield>
   <subfield code="t">Zákon č. 118/2000 Sb., o ochraně zaměstnanců při platební neschopnosti zaměstnavatele a o změně některých zákonů --</subfield>
   <subfield code="t">Zákon č. 435/2004 Sb., o zaměstnanosti --</subfield>
   <subfield code="t">Zákon č. 251/2005 Sb., o inspekci práce --</subfield>
   <subfield code="t">Zákon č. 198/2009 Sb., o rovném zacházení a o právních prostředcích ochrany před diskriminací a o změně některých zákonů (antidiskriminační zákon) --</subfield>
   <subfield code="t">Zákon č. 101/2000 Sb., o ochraně osobních údajů a o změně některých zákonů --</subfield>
   <subfield code="t">Zákon č. 250/2021 Sb., o bezpečnosti práce v souvislosti s provozem vyhrazených technických zařízení --</subfield>
   <subfield code="t">Zákon č. 216/2006 Sb., zákoník práce</subfield>
  </datafield>
  <datafield tag="588" ind1=" " ind2=" ">
   <subfield code="a">Popsáno podle: 1. vydání (2007) včetně: 18. aktualizované vydání (2025)</subfield>
  </datafield>
  <datafield tag="650" ind1="0" ind2="7">
   <subfield code="a">pracovní právo</subfield>
   <subfield code="7">ph115872</subfield>
   <subfield code="2">czenas</subfield>
  </datafield>
  <datafield tag="650" ind1="0" ind2="7">
   <subfield code="a">pracovněprávní vztahy</subfield>
   <subfield code="7">ph124524</subfield>
   <subfield code="2">czenas</subfield>
  </datafield>
  <datafield tag="651" ind1=" " ind2="7">
   <subfield code="a">Česko</subfield>
   <subfield code="7">ge128065</subfield>
   <subfield code="2">czenas</subfield>
  </datafield>
  <datafield tag="655" ind1=" " ind2="7">
   <subfield code="a">zákony</subfield>
   <subfield code="7">fd133886</subfield>
   <subfield code="2">czenas</subfield>
  </datafield>
  <datafield tag="655" ind1=" " ind2="7">
   <subfield code="a">právní předpisy</subfield>
   <subfield code="7">fd133151</subfield>
   <subfield code="2">czenas</subfield>
  </datafield>
  <datafield tag="655" ind1=" " ind2="7">
   <subfield code="a">komentáře</subfield>
   <subfield code="7">fd132578</subfield>
   <subfield code="2">czenas</subfield>
  </datafield>
  <datafield tag="650" ind1="0" ind2="9">
   <subfield code="a">labor laws and legislation</subfield>
   <subfield code="2">eczenas</subfield>
  </datafield>
  <datafield tag="650" ind1="0" ind2="9">
   <subfield code="a">labor-law relations</subfield>
   <subfield code="2">eczenas</subfield>
  </datafield>
  <datafield tag="651" ind1=" " ind2="9">
   <subfield code="a">Czechia</subfield>
   <subfield code="2">eczenas</subfield>
  </datafield>
  <datafield tag="655" ind1=" " ind2="9">
   <subfield code="a">laws</subfield>
   <subfield code="2">eczenas</subfield>
  </datafield>
  <datafield tag="655" ind1=" " ind2="9">
   <subfield code="a">legal regulations</subfield>
   <subfield code="2">eczenas</subfield>
  </datafield>
  <datafield tag="655" ind1=" " ind2="9">
   <subfield code="a">commentaries</subfield>
   <subfield code="2">eczenas</subfield>
  </datafield>
  <datafield tag="700" ind1="1" ind2=" ">
   <subfield code="a">Hofmannová, Eva</subfield>
   <subfield code="7">mzk2004217467</subfield>
   <subfield code="4">cwt</subfield>
  </datafield>
  <datafield tag="700" ind1="1" ind2=" ">
   <subfield code="a">Knebl, Pavel,</subfield>
   <subfield code="d">1950-</subfield>
   <subfield code="7">mzk2014848360</subfield>
   <subfield code="4">cwt</subfield>
  </datafield>
  <datafield tag="700" ind1="1" ind2=" ">
   <subfield code="a">Roučková, Dana,</subfield>
   <subfield code="d">1975-</subfield>
   <subfield code="7">ola2018977884</subfield>
   <subfield code="4">cwt</subfield>
  </datafield>
  <datafield tag="700" ind1="1" ind2=" ">
   <subfield code="a">Schmied, Zdeněk</subfield>
   <subfield code="7">mzk2008459031</subfield>
   <subfield code="4">cwt</subfield>
  </datafield>
  <datafield tag="700" ind1="1" ind2=" ">
   <subfield code="a">Schweiner, Petr</subfield>
   <subfield code="7">ola2018981598</subfield>
   <subfield code="4">cwt</subfield>
  </datafield>
  <datafield tag="700" ind1="1" ind2=" ">
   <subfield code="a">Tomandlová, Ludmila</subfield>
   <subfield code="7">xx0042762</subfield>
   <subfield code="4">cwt</subfield>
  </datafield>
  <datafield tag="700" ind1="1" ind2=" ">
   <subfield code="a">Jakubka, Jaroslav,</subfield>
   <subfield code="d">1948-2011</subfield>
   <subfield code="7">jn20000401177</subfield>
   <subfield code="4">cwt</subfield>
  </datafield>
  <datafield tag="700" ind1="1" ind2=" ">
   <subfield code="a">Andraščíková, Mária</subfield>
   <subfield code="7">ola2012682866</subfield>
   <subfield code="4">cwt</subfield>
  </datafield>
  <datafield tag="700" ind1="1" ind2=" ">
   <subfield code="a">Trylč, Ladislav</subfield>
   <subfield code="7">ola2004231485</subfield>
   <subfield code="4">cwt</subfield>
  </datafield>
  <datafield tag="700" ind1="1" ind2=" ">
   <subfield code="a">Vácha, Jan,</subfield>
   <subfield code="d">1985-</subfield>
   <subfield code="7">jo20191045537</subfield>
   <subfield code="4">cwt</subfield>
  </datafield>
  <datafield tag="700" ind1="1" ind2=" ">
   <subfield code="a">Košnar, Michael</subfield>
   <subfield code="7">osa20201087701</subfield>
   <subfield code="4">cwt</subfield>
  </datafield>
  <datafield tag="700" ind1="1" ind2=" ">
   <subfield code="a">Bukovjan, Petr,</subfield>
   <subfield code="d">1975-</subfield>
   <subfield code="7">xx0029253</subfield>
   <subfield code="4">cwt</subfield>
  </datafield>
  <datafield tag="700" ind1="1" ind2=" ">
   <subfield code="a">Stádník, Jaroslav</subfield>
   <subfield code="7">jx20110915014</subfield>
   <subfield code="4">cwt</subfield>
  </datafield>
  <datafield tag="700" ind1="1" ind2=" ">
   <subfield code="a">Demová, Kateřina</subfield>
   <subfield code="7">xx0276634</subfield>
   <subfield code="4">cwt</subfield>
  </datafield>
  <datafield tag="710" ind1="1" ind2="2">
   <subfield code="a">Česko.</subfield>
   <subfield code="t">Zákon o státním odborném dozoru nad bezpečností práce (1968, novely 2008-    )</subfield>
   <subfield code="7">kon2016906746</subfield>
  </datafield>
  <datafield tag="710" ind1="1" ind2="2">
   <subfield code="a">Česko.</subfield>
   <subfield code="t">Zákoník práce (2006, novely 2006-    )</subfield>
   <subfield code="7">kon2007387506</subfield>
  </datafield>
  <datafield tag="710" ind1="1" ind2="2">
   <subfield code="a">Česko.</subfield>
   <subfield code="t">Zákon o zajištění dalších podmínek bezpečnosti a ochrany zdraví při práci (2006, novely 2007-    )</subfield>
   <subfield code="7">kon2008445570</subfield>
  </datafield>
  <datafield tag="710" ind1="1" ind2="2">
   <subfield code="a">Česko.</subfield>
   <subfield code="t">Zákon o úpravě vztahů mezi odborovými organizacemi a zaměstnavateli (1990, novela 2006)</subfield>
   <subfield code="7">kon2012681390</subfield>
  </datafield>
  <datafield tag="710" ind1="1" ind2="2">
   <subfield code="a">Česko.</subfield>
   <subfield code="t">Zákon o kolektivním vyjednávání (1991, novely 2006-    )</subfield>
   <subfield code="7">kon2008456084</subfield>
  </datafield>
  <datafield tag="710" ind1="1" ind2="2">
   <subfield code="a">Česko.</subfield>
   <subfield code="t">Zákon o ochraně zaměstnanců při platební neschopnosti zaměstnavatele (2000, novely 2007-    )</subfield>
   <subfield code="7">kon2016906747</subfield>
  </datafield>
  <datafield tag="710" ind1="1" ind2="2">
   <subfield code="a">Česko.</subfield>
   <subfield code="t">Zákon o zaměstnanosti (2004, novely 2007-    )</subfield>
   <subfield code="7">kon2016906748</subfield>
  </datafield>
  <datafield tag="710" ind1="1" ind2="2">
   <subfield code="a">Česko.</subfield>
   <subfield code="t">Zákon o inspekci práce (2005, novely 2007-    )</subfield>
   <subfield code="7">kon2008456086</subfield>
  </datafield>
  <datafield tag="710" ind1="1" ind2="2">
   <subfield code="a">Česko.</subfield>
   <subfield code="t">Antidiskriminační zákon (2009, novely 2012-    )</subfield>
   <subfield code="7">kon2016906749</subfield>
  </datafield>
  <datafield tag="710" ind1="1" ind2="2">
   <subfield code="a">Česko.</subfield>
   <subfield code="t">Zákon o ochraně osobních údajů (2000, novely 2007-    )</subfield>
   <subfield code="7">kon2016906750</subfield>
  </datafield>
  <datafield tag="710" ind1="1" ind2="2">
   <subfield code="a">Česko.</subfield>
   <subfield code="t">Zákon o bezpečnosti práce v souvislosti s provozem vyhrazených technických zařízení (2021)</subfield>
   <subfield code="7">kon20211123416</subfield>
  </datafield>
  <datafield tag="830" ind1=" " ind2="0">
   <subfield code="a">Práce, mzdy, pojištění</subfield>
  </datafield>
  <datafield tag="993" ind1=" " ind2=" ">
   <subfield code="a">003409439</subfield>
  </datafield>
  <datafield tag="902" ind1=" " ind2=" ">
   <subfield code="a">978-80-7263-370-8</subfield>
   <subfield code="q">(2007 ;</subfield>
   <subfield code="q">1. vyd. ;</subfield>
   <subfield code="q">vázáno)</subfield>
  </datafield>
  <datafield tag="902" ind1=" " ind2=" ">
   <subfield code="a">978-80-7263-573-3</subfield>
   <subfield code="q">(2010 ;</subfield>
   <subfield code="q">4. vyd. ;</subfield>
   <subfield code="q">vázáno)</subfield>
  </datafield>
  <datafield tag="902" ind1=" " ind2=" ">
   <subfield code="a">978-80-7263-637-2</subfield>
   <subfield code="q">(2011 ;</subfield>
   <subfield code="q">5. vyd. ;</subfield>
   <subfield code="q">vázáno)</subfield>
  </datafield>
  <datafield tag="902" ind1=" " ind2=" ">
   <subfield code="a">978-80-7263-713-3</subfield>
   <subfield code="q">(2012 ;</subfield>
   <subfield code="q">6. vyd. ;</subfield>
   <subfield code="q">vázáno)</subfield>
  </datafield>
  <datafield tag="902" ind1=" " ind2=" ">
   <subfield code="a">978-80-7263-796-6</subfield>
   <subfield code="q">(2013 ;</subfield>
   <subfield code="q">7. vyd. ;</subfield>
   <subfield code="q">vázáno)</subfield>
  </datafield>
  <datafield tag="902" ind1=" " ind2=" ">
   <subfield code="a">978-80-7263-850-5</subfield>
   <subfield code="q">(2014 ;</subfield>
   <subfield code="q">8. vyd. ;</subfield>
   <subfield code="q">vázáno)</subfield>
  </datafield>
  <datafield tag="902" ind1=" " ind2=" ">
   <subfield code="a">978-80-7263-921-2</subfield>
   <subfield code="q">(9. vyd. ;</subfield>
   <subfield code="q">(2015 ;</subfield>
   <subfield code="q">vázáno)</subfield>
  </datafield>
  <datafield tag="902" ind1=" " ind2=" ">
   <subfield code="a">978-80-7263-992-2</subfield>
   <subfield code="q">(2016 ;</subfield>
   <subfield code="q">10. vyd. ;</subfield>
   <subfield code="q">vázáno)</subfield>
  </datafield>
  <datafield tag="902" ind1=" " ind2=" ">
   <subfield code="a">978-80-7554-115-4</subfield>
   <subfield code="q">(2018 ;</subfield>
   <subfield code="q">11. vyd. ;</subfield>
   <subfield code="q">vázáno)</subfield>
  </datafield>
  <datafield tag="902" ind1=" " ind2=" ">
   <subfield code="a">978-80-7554-190-1</subfield>
   <subfield code="q">(2019 ;</subfield>
   <subfield code="q">12. vyd. ;</subfield>
   <subfield code="q">vázáno)</subfield>
  </datafield>
  <datafield tag="902" ind1=" " ind2=" ">
   <subfield code="a">978-80-7554-252-6</subfield>
   <subfield code="q">(2020 ;</subfield>
   <subfield code="q">vázáno)</subfield>
  </datafield>
  <datafield tag="902" ind1=" " ind2=" ">
   <subfield code="a">978-80-7554-306-6</subfield>
   <subfield code="q">(2021 ;</subfield>
   <subfield code="q">14. vyd.</subfield>
   <subfield code="q">vázáno)</subfield>
  </datafield>
  <datafield tag="902" ind1=" " ind2=" ">
   <subfield code="a">978-80-7554-378-3</subfield>
   <subfield code="q">(2023 ;</subfield>
   <subfield code="q">16. vyd.</subfield>
   <subfield code="q">vázáno)</subfield>
  </datafield>
  <datafield tag="902" ind1=" " ind2=" ">
   <subfield code="a">978-80-7554-398-1</subfield>
   <subfield code="q">(vázáno ;</subfield>
   <subfield code="q">17. aktualiz. vyd. s komentářem po novele k 1. 10. 2023 a 1. 1. 2024)</subfield>
  </datafield>
  <datafield tag="902" ind1=" " ind2=" ">
   <subfield code="a">978-80-7554-425-4</subfield>
   <subfield code="q">vázáno ;</subfield>
   <subfield code="q">18. aktualizované vydání s komentářem po tzv. flexinovele k 1. 6. 2025)</subfield>
  </datafield>
  <datafield tag="910" ind1=" " ind2=" ">
   <subfield code="a">ABA006</subfield>
   <subfield code="s">2007,10-16,19-21, 2023, 2024, 2025-</subfield>
   <subfield code="t">n</subfield>
  </datafield>
  <datafield tag="996" ind1=" " ind2=" ">
   <subfield code="1">HPUVV</subfield>
   <subfield code="3">A 13035-V1</subfield>
   <subfield code="4">N:P</subfield>
   <subfield code="5">4202142398</subfield>
   <subfield code="7">2018</subfield>
   <subfield code="8">20180412</subfield>
   <subfield code="9">349.2HLO</subfield>
   <subfield code="a">2018</subfield>
   <subfield code="b">2018</subfield>
   <subfield code="f">81</subfield>
   <subfield code="g">364</subfield>
   <subfield code="h">2018</subfield>
   <subfield code="l">UEP01</subfield>
   <subfield code="m">BOOK</subfield>
   <subfield code="q">Knihovna FM JH volný výběr</subfield>
   <subfield code="t">na 1 měsíc</subfield>
   <subfield code="u">UEP01</subfield>
  </datafield>
  <datafield tag="996" ind1=" " ind2=" ">
   <subfield code="1">HSKL1</subfield>
   <subfield code="3">A 10185-V1</subfield>
   <subfield code="4">N:P</subfield>
   <subfield code="5">4202136224</subfield>
   <subfield code="7">2012</subfield>
   <subfield code="8">20121001</subfield>
   <subfield code="9">331.1AND</subfield>
   <subfield code="a">2012</subfield>
   <subfield code="b">2012</subfield>
   <subfield code="f">81</subfield>
   <subfield code="h">2012</subfield>
   <subfield code="l">UEP01</subfield>
   <subfield code="m">BOOK</subfield>
   <subfield code="q">Knihovna FM JH sklad I</subfield>
   <subfield code="t">na 1 měsíc</subfield>
   <subfield code="u">UEP01</subfield>
  </datafield>
  <datafield tag="996" ind1=" " ind2=" ">
   <subfield code="1">HSKL1</subfield>
   <subfield code="3">A 9846-V1</subfield>
   <subfield code="4">N:P</subfield>
   <subfield code="5">4202135553</subfield>
   <subfield code="7">2012</subfield>
   <subfield code="8">20120227</subfield>
   <subfield code="9">349.2ZÁK</subfield>
   <subfield code="a">2012</subfield>
   <subfield code="b">2012</subfield>
   <subfield code="f">81</subfield>
   <subfield code="h">2012</subfield>
   <subfield code="l">UEP01</subfield>
   <subfield code="m">BOOK</subfield>
   <subfield code="q">Knihovna FM JH sklad I</subfield>
   <subfield code="t">na 1 měsíc</subfield>
   <subfield code="u">UEP01</subfield>
  </datafield>
  <datafield tag="996" ind1=" " ind2=" ">
   <subfield code="1">HSTU1</subfield>
   <subfield code="3">A 13841-V1</subfield>
   <subfield code="4">N:P</subfield>
   <subfield code="5">4202144519</subfield>
   <subfield code="7">2020</subfield>
   <subfield code="8">20200526</subfield>
   <subfield code="9">349.2HLO</subfield>
   <subfield code="a">2020</subfield>
   <subfield code="b">2020</subfield>
   <subfield code="f">85</subfield>
   <subfield code="g">1003</subfield>
   <subfield code="h">2020</subfield>
   <subfield code="l">UEP01</subfield>
   <subfield code="m">BOOK</subfield>
   <subfield code="q">Knihovna FM JH studovna I</subfield>
   <subfield code="t">prezenční</subfield>
   <subfield code="u">UEP01</subfield>
  </datafield>
  <datafield tag="996" ind1=" " ind2=" ">
   <subfield code="1">PJMHS</subfield>
   <subfield code="3">F223010a</subfield>
   <subfield code="4">N:P</subfield>
   <subfield code="5">3142287863</subfield>
   <subfield code="7">2016 (10. vyd.)</subfield>
   <subfield code="8">20160203</subfield>
   <subfield code="9">349.2AND</subfield>
   <subfield code="a">2016</subfield>
   <subfield code="b">2016</subfield>
   <subfield code="f">81</subfield>
   <subfield code="g">44158</subfield>
   <subfield code="h">2016 (10. vyd.)</subfield>
   <subfield code="l">UEP01</subfield>
   <subfield code="m">BOOK</subfield>
   <subfield code="q">Studovna JM</subfield>
   <subfield code="t">na 1 měsíc</subfield>
   <subfield code="u">UEP01</subfield>
   <subfield code="w">20160329</subfield>
  </datafield>
  <datafield tag="996" ind1=" " ind2=" ">
   <subfield code="1">PSKLA</subfield>
   <subfield code="3">F200848</subfield>
   <subfield code="4">N:náhrada</subfield>
   <subfield code="5">3142224906</subfield>
   <subfield code="7">2007 (1. vyd.)</subfield>
   <subfield code="8">20090204</subfield>
   <subfield code="9">349.2ZÁK</subfield>
   <subfield code="a">2007</subfield>
   <subfield code="b">2007</subfield>
   <subfield code="f">81</subfield>
   <subfield code="h">2007 (1. vyd.)</subfield>
   <subfield code="l">UEP01</subfield>
   <subfield code="m">BOOK</subfield>
   <subfield code="q">Knihovna Žižkov - sklad</subfield>
   <subfield code="t">na 1 měsíc</subfield>
   <subfield code="u">UEP01</subfield>
   <subfield code="w">20090212</subfield>
  </datafield>
  <datafield tag="996" ind1=" " ind2=" ">
   <subfield code="1">PSKLA</subfield>
   <subfield code="3">F203784</subfield>
   <subfield code="4">N:P</subfield>
   <subfield code="5">3142235603</subfield>
   <subfield code="7">2010 (4. vyd.)</subfield>
   <subfield code="8">20100209</subfield>
   <subfield code="9">349.2JAK</subfield>
   <subfield code="a">2010</subfield>
   <subfield code="b">2010</subfield>
   <subfield code="f">81</subfield>
   <subfield code="g">22942</subfield>
   <subfield code="h">2010 (4. vyd.)</subfield>
   <subfield code="l">UEP01</subfield>
   <subfield code="m">BOOK</subfield>
   <subfield code="q">Knihovna Žižkov - sklad</subfield>
   <subfield code="t">na 1 měsíc</subfield>
   <subfield code="u">UEP01</subfield>
   <subfield code="w">20100303</subfield>
  </datafield>
  <datafield tag="996" ind1=" " ind2=" ">
   <subfield code="1">PSKLA</subfield>
   <subfield code="3">F207141</subfield>
   <subfield code="4">N:P</subfield>
   <subfield code="5">3142192351</subfield>
   <subfield code="7">2011 (5. vyd.)</subfield>
   <subfield code="8">20110217</subfield>
   <subfield code="9">349.2JAK</subfield>
   <subfield code="a">2011</subfield>
   <subfield code="b">2011</subfield>
   <subfield code="f">81</subfield>
   <subfield code="g">26796</subfield>
   <subfield code="h">2011 (5. vyd.)</subfield>
   <subfield code="l">UEP01</subfield>
   <subfield code="m">BOOK</subfield>
   <subfield code="q">Knihovna Žižkov - sklad</subfield>
   <subfield code="t">na 1 měsíc</subfield>
   <subfield code="u">UEP01</subfield>
   <subfield code="w">20110310</subfield>
  </datafield>
  <datafield tag="996" ind1=" " ind2=" ">
   <subfield code="1">PSKLA</subfield>
   <subfield code="3">F210774</subfield>
   <subfield code="4">N:P</subfield>
   <subfield code="5">3142255560</subfield>
   <subfield code="7">2012 (6. vyd.)</subfield>
   <subfield code="8">20120228</subfield>
   <subfield code="9">349.2AND</subfield>
   <subfield code="a">2012</subfield>
   <subfield code="b">2012</subfield>
   <subfield code="f">81</subfield>
   <subfield code="g">30638</subfield>
   <subfield code="h">2012 (6. vyd.)</subfield>
   <subfield code="l">UEP01</subfield>
   <subfield code="m">BOOK</subfield>
   <subfield code="q">Knihovna Žižkov - sklad</subfield>
   <subfield code="t">na 1 měsíc</subfield>
   <subfield code="u">UEP01</subfield>
   <subfield code="w">20120315</subfield>
  </datafield>
  <datafield tag="996" ind1=" " ind2=" ">
   <subfield code="1">PSKLA</subfield>
   <subfield code="3">F214189</subfield>
   <subfield code="4">N:P</subfield>
   <subfield code="5">3142263944</subfield>
   <subfield code="7">2013 (7. vyd.)</subfield>
   <subfield code="8">20130130</subfield>
   <subfield code="9">349.2AND</subfield>
   <subfield code="a">2013</subfield>
   <subfield code="b">2013</subfield>
   <subfield code="f">81</subfield>
   <subfield code="g">34661</subfield>
   <subfield code="h">2013 (7. vyd.)</subfield>
   <subfield code="l">UEP01</subfield>
   <subfield code="m">BOOK</subfield>
   <subfield code="q">Knihovna Žižkov - sklad</subfield>
   <subfield code="t">na 1 měsíc</subfield>
   <subfield code="u">UEP01</subfield>
   <subfield code="w">20130219</subfield>
  </datafield>
  <datafield tag="996" ind1=" " ind2=" ">
   <subfield code="1">PSKLA</subfield>
   <subfield code="3">F217098</subfield>
   <subfield code="4">N:P</subfield>
   <subfield code="5">3142272084</subfield>
   <subfield code="7">2014 (8. vyd.)</subfield>
   <subfield code="8">20140124</subfield>
   <subfield code="9">349.2AND</subfield>
   <subfield code="a">2014</subfield>
   <subfield code="b">2014</subfield>
   <subfield code="f">81</subfield>
   <subfield code="g">38204</subfield>
   <subfield code="h">2014 (8. vyd.)</subfield>
   <subfield code="l">UEP01</subfield>
   <subfield code="m">BOOK</subfield>
   <subfield code="q">Knihovna Žižkov - sklad</subfield>
   <subfield code="t">na 1 měsíc</subfield>
   <subfield code="u">UEP01</subfield>
   <subfield code="w">20140207</subfield>
  </datafield>
  <datafield tag="996" ind1=" " ind2=" ">
   <subfield code="1">PSKLA</subfield>
   <subfield code="3">F220173</subfield>
   <subfield code="4">N:P</subfield>
   <subfield code="5">3142280205</subfield>
   <subfield code="7">2015 (9. vyd.)</subfield>
   <subfield code="8">20150204</subfield>
   <subfield code="9">349.2AND</subfield>
   <subfield code="a">2015</subfield>
   <subfield code="b">2015</subfield>
   <subfield code="f">81</subfield>
   <subfield code="g">41414</subfield>
   <subfield code="h">2015 (9. vyd.)</subfield>
   <subfield code="l">UEP01</subfield>
   <subfield code="m">BOOK</subfield>
   <subfield code="q">Knihovna Žižkov - sklad</subfield>
   <subfield code="t">na 1 měsíc</subfield>
   <subfield code="u">UEP01</subfield>
   <subfield code="w">20150213</subfield>
  </datafield>
  <datafield tag="996" ind1=" " ind2=" ">
   <subfield code="1">PSKLA</subfield>
   <subfield code="3">F228894</subfield>
   <subfield code="4">N:P</subfield>
   <subfield code="5">3142324604</subfield>
   <subfield code="7">2019 (12. vyd.)</subfield>
   <subfield code="8">20190208</subfield>
   <subfield code="9">349.2HLO</subfield>
   <subfield code="a">2019</subfield>
   <subfield code="b">2019</subfield>
   <subfield code="f">81</subfield>
   <subfield code="g">50468</subfield>
   <subfield code="h">2019 (12. vyd.)</subfield>
   <subfield code="l">UEP01</subfield>
   <subfield code="m">BOOK</subfield>
   <subfield code="q">Knihovna Žižkov - sklad</subfield>
   <subfield code="t">na 1 měsíc</subfield>
   <subfield code="u">UEP01</subfield>
   <subfield code="w">20190218</subfield>
  </datafield>
  <datafield tag="996" ind1=" " ind2=" ">
   <subfield code="1">PSKLA</subfield>
   <subfield code="3">F230842</subfield>
   <subfield code="4">N:P</subfield>
   <subfield code="5">3142337769</subfield>
   <subfield code="7">2020 (13. vyd.)</subfield>
   <subfield code="8">20200220</subfield>
   <subfield code="9">349.2HLO</subfield>
   <subfield code="a">2020</subfield>
   <subfield code="b">2020</subfield>
   <subfield code="f">81</subfield>
   <subfield code="g">52804</subfield>
   <subfield code="h">2020 (13. vyd.)</subfield>
   <subfield code="l">UEP01</subfield>
   <subfield code="m">BOOK</subfield>
   <subfield code="q">Knihovna Žižkov - sklad</subfield>
   <subfield code="t">na 1 měsíc</subfield>
   <subfield code="u">UEP01</subfield>
   <subfield code="w">20200324</subfield>
  </datafield>
  <datafield tag="996" ind1=" " ind2=" ">
   <subfield code="1">PSKLA</subfield>
   <subfield code="3">F232767</subfield>
   <subfield code="4">N:P</subfield>
   <subfield code="5">3142349134</subfield>
   <subfield code="7">2021 (14. vyd.)</subfield>
   <subfield code="8">20210317</subfield>
   <subfield code="9">349.2HLO</subfield>
   <subfield code="a">2021</subfield>
   <subfield code="b">2021</subfield>
   <subfield code="f">81</subfield>
   <subfield code="g">55366</subfield>
   <subfield code="h">2021 (14. vyd.)</subfield>
   <subfield code="l">UEP01</subfield>
   <subfield code="m">BOOK</subfield>
   <subfield code="q">Knihovna Žižkov - sklad</subfield>
   <subfield code="t">na 1 měsíc</subfield>
   <subfield code="u">UEP01</subfield>
   <subfield code="w">20210407</subfield>
  </datafield>
  <datafield tag="996" ind1=" " ind2=" ">
   <subfield code="1">PSTUD</subfield>
   <subfield code="3">F223010</subfield>
   <subfield code="4">N:P</subfield>
   <subfield code="5">3142287862</subfield>
   <subfield code="7">2016 (10. vyd.)</subfield>
   <subfield code="8">20160203</subfield>
   <subfield code="9">349.2AND</subfield>
   <subfield code="a">2016</subfield>
   <subfield code="b">2016</subfield>
   <subfield code="f">81</subfield>
   <subfield code="g">44158</subfield>
   <subfield code="h">2016 (10. vyd.)</subfield>
   <subfield code="l">UEP01</subfield>
   <subfield code="m">BOOK</subfield>
   <subfield code="q">Studovna Žižkov</subfield>
   <subfield code="t">na 1 měsíc</subfield>
   <subfield code="u">UEP01</subfield>
   <subfield code="w">20160219</subfield>
  </datafield>
  <datafield tag="996" ind1=" " ind2=" ">
   <subfield code="1">PSTUD</subfield>
   <subfield code="3">F236279</subfield>
   <subfield code="4">N:P</subfield>
   <subfield code="5">3142363748</subfield>
   <subfield code="7">2023 (16. vyd.)</subfield>
   <subfield code="8">20230221</subfield>
   <subfield code="9">349.2HLO</subfield>
   <subfield code="a">2023</subfield>
   <subfield code="b">2023</subfield>
   <subfield code="f">81</subfield>
   <subfield code="g">59016</subfield>
   <subfield code="h">2023 (16. vyd.)</subfield>
   <subfield code="l">UEP01</subfield>
   <subfield code="m">BOOK</subfield>
   <subfield code="q">Studovna Žižkov</subfield>
   <subfield code="t">na 1 měsíc</subfield>
   <subfield code="u">UEP01</subfield>
   <subfield code="w">20230302</subfield>
  </datafield>
  <datafield tag="996" ind1=" " ind2=" ">
   <subfield code="1">PSTUD</subfield>
   <subfield code="3">F237217</subfield>
   <subfield code="5">3142367795</subfield>
   <subfield code="7">17. vydání (2023/2024)</subfield>
   <subfield code="8">20230929</subfield>
   <subfield code="9">349.2HLO</subfield>
   <subfield code="a">2023/2024</subfield>
   <subfield code="b">2023/2024</subfield>
   <subfield code="c">17</subfield>
   <subfield code="f">81</subfield>
   <subfield code="g">59837</subfield>
   <subfield code="h">17. vydání (2023/2024)</subfield>
   <subfield code="l">UEP01</subfield>
   <subfield code="m">BOOK</subfield>
   <subfield code="q">Studovna Žižkov</subfield>
   <subfield code="t">na 1 měsíc</subfield>
   <subfield code="u">UEP01</subfield>
   <subfield code="w">20231214</subfield>
  </datafield>
  <datafield tag="996" ind1=" " ind2=" ">
   <subfield code="1">PSTUD</subfield>
   <subfield code="3">F238716</subfield>
   <subfield code="4">N:P</subfield>
   <subfield code="5">3142374867</subfield>
   <subfield code="7">2025 (18. vyd.)</subfield>
   <subfield code="8">20250606</subfield>
   <subfield code="9">349.2HLO</subfield>
   <subfield code="a">2025</subfield>
   <subfield code="b">2025</subfield>
   <subfield code="c">18</subfield>
   <subfield code="f">81</subfield>
   <subfield code="g">62105</subfield>
   <subfield code="h">2025 (18. vyd.)</subfield>
   <subfield code="l">UEP01</subfield>
   <subfield code="m">BOOK</subfield>
   <subfield code="q">Studovna Žižkov</subfield>
   <subfield code="t">na 1 měsíc</subfield>
   <subfield code="u">UEP01</subfield>
   <subfield code="w">20250613</subfield>
  </datafield>
 </record>
</collection>
